Código Civil: edición oficial. Aprobada por Decreto Exento Nº 3296, de 5 de octubre de 2015, del Ministerio de Justicia
Furkejuvvon:
| Searvvušdahkki: | |
|---|---|
| Materiálatiipa: | Girji |
| Giella: | espánnjágiella |
| Almmustuhtton: |
Santiago, Chile:
Jurídica,
2016
|
| Preanttus: | Vigésima cuarta edición. |
| Fáttát: | |
| Fáddágilkorat: |
Lasit fáddágilkoriid
Eai fáddágilkorat, Lasit vuosttaš fáddágilkora!
|
MARC
| LEADER | 00000cam a2200000 a 4500 | ||
|---|---|---|---|
| 001 | UCD5247 | ||
| 003 | CL-VaPUC | ||
| 005 | 20250416110212.0 | ||
| 008 | 160819e20160000cl |||||||||||||||||spa|d | ||
| 999 | |c 365973 |d 365971 | ||
| 020 | |a 9789561023918 | ||
| 040 | |c Pontificia Universidad Católica de Valparaíso | ||
| 082 | 0 | 4 | |a 346.83 CHI 2016 |2 21 |
| 110 | 1 | |a Chile |9 890760 | |
| 245 | 1 | 0 | |a Código Civil: edición oficial. Aprobada por Decreto Exento Nº 3296, de 5 de octubre de 2015, del Ministerio de Justicia |
| 250 | |a Vigésima cuarta edición. |b Apéndice actualizado al 27 de mayo de 2016. | ||
| 260 | |a Santiago, Chile: |b Jurídica, |c 2016 | ||
| 300 | |a 1161 páginas | ||
| 505 | |a Mensaje del Ejecutivo al Congreso proponiendo la aprobación del Código Civil. -Decreto con Fuerza de Ley N.º 1, del Ministerio de Justicia. Fija texto refundido, coordinado y sistematizado del Código Civil, de la Ley N.º 4.808, sobre Registro Civil, de la Ley N.º 17.344, que autoriza cambio de nombres y apellidos, de la Ley N.º 16.618, Ley de Menores, de la Ley N.º 14.908, sobre abandono de familia y pago de pensiones alimenticias, y de la Ley N.º 16.271, de impuesto a las herencias, asignaciones y donaciones. -Título Preliminar. -Libro Primero. De las personas -Libro Segundo. De los bienes, y de su dominio, posesión, uso y goce -Libro Tercero. De la sucesión por la causa de muerte, y de las donaciones entre vivos -Libro Cuarto. De las obligaciones en general y de los contratos Apéndice: Ley sobre el efecto retroactivo de las leyes -Ley N.º 19.947. Establece nueva Ley de Matrimonio Civil -Ley N.º 20.830, crea el Acuerdo de Unión Civil -Ley N.º 4.808, sobre el Registro Civil -Ley N.º 17.344, autoriza el cambio de nombres y apellidos en los casos que indica. Modifica Ley N.º 4,808, sobre Registro Civil -Ley N.º 19.620, dicta normas sobre adopción de menores -Ley N.º 17.336, Propiedad Intelectual -Ley N.º 19.039, Propiedad Industrial. Decreto con Fuerza de Ley N.º 3, de 2006. -Ley N.º 16.665, reconstitución de inscripciones en Registro de Conservadores de Bienes Raíces. Deroga Ley N.º 15.567 -Ley N.º 18.101, fija normas especiales sobre arrendamiento de predios urbanos -Ley N.º 18.010, establece normas para las operaciones de créditos y otras obligaciones de dinero que indica -Ley N.º 19.537. Sobre copropiedad inmobiliaria -Ley N.º 19.281, establece normas sobre arrendamiento de viviendas con promesa de compraventa -Ley N.º 19.799, sobre documentos electrónicos, firma electrónica y servicios de certificación de dicha firma -Ley N.º 19.496, establece normas sobre protección de los derechos de los consumidores -Ley N.º 19.253, establece normas sobre protección, fomento y desarrollo de los indígenas, y crea la Corporación Nacional de Desarrollo Indígena. | ||
| 583 | |a last modification |c 20160819 12:52:00 |k Rodrigo Vera | ||
| 650 | 1 | 0 | |a Código civil chileno |9 255931 |
| 650 | 1 | |a Derecho civil chileno |9 320612 | |
| 650 | 1 | |a Derecho de familia |z Chile |9 868790 | |
| 650 | 1 | |a Derecho de bienes |z Chile |9 890479 | |
| 650 | 1 | |a Derecho sucesorio |z Chile |9 890480 | |
| 650 | 1 | |a Derecho de las obligaciones |z Chile |9 890482 | |
| 942 | |c BK |2 ddc | ||
| 945 | |d 20160819 12:52:00 |a dcastane | ||
| 952 | |0 0 |1 0 |3 erb |4 0 |6 346_830000000000000_CHI_2016 |7 0 |8 R |9 479966 |a BIBDER |b BIBDER |i 5338743 |l 2 |o 346.83 CHI 2016 |p 5338743 |r 2023-03-09 |s 2023-03-07 |w 2019-11-24 |y BK_R |z Catalogado en:20160819 |k DER | ||
| 952 | |0 0 |1 0 |3 erb |4 0 |6 346_830000000000000_CHI_2016 |7 0 |8 R |9 479967 |a BIBDER |b BIBDER |i 5338735 |l 3 |o 346.83 CHI 2016 |p 5338735 |r 2023-03-07 |s 2023-03-07 |w 2019-11-24 |y BK_R |z Catalogado en:20160819 |k DER | ||